MANUAL DEL MATRIMONIO CATOLICO/

TRADUCCION DE: THE CATOLIC MARRIAGE MANUAL

Збережено в:
Бібліографічні деталі
Автор: Kelly, George A. (autor)
Формат: Книга
Предмети:
Теги: Додати тег
Немає тегів, Будьте першим, хто поставить тег для цього запису!

MARC

LEADER 00000nam^a2200000^a^4500
001 000226904
005 20250521000000.0
009 20260310104224.388
035 |a 045689 
037 |a Acervo Xavier Clavigero 
082 |a 234. 165  |b KEL 
100 |a Kelly, George A.  |e (autor) 
245 1 0 |a MANUAL DEL MATRIMONIO CATOLICO/  |c GEORGE A. KELLY; TR. MANUEL G. MARTINEZ 
264 |a MEXICO :  |b TRILLAS,  |c 1961 
300 |a 322p. 
336 |a texto  |b txt  |2 rdacontenido 
337 |a sin mediación  |b n  |2 rdamedio 
338 |a volumen  |b nc  |2 rdasoporte 
520 |a TRADUCCION DE: THE CATOLIC MARRIAGE MANUAL 
520 |a INDICE 
649 |a XX 
650 |a Matrimonio (Derecho Canónico) 
650 |a SACRAMENTOS 
910 |a Fondo General 
920 |a Impresos - Libros 
930 |a Colección General 
905 |a 101 
901 |a 045689  |b IT1  |c ACC  |i 045689  |u 20250521 
902 |a https://opac.biblio.iteso.mx/vufind/Record/000226904